Представление документа в формате RUSMARC

ПолеНазваниеЗначение
  Тип записи a
  Библиографический уровень m
001 Контрольный номер LIBNET\0000068103
005 Дата корректировки 20201206204920.4
010 Индекс ISBN __
a ISBN 978-5-91233-275-3 (в пер.)
d Цена 174-39; 106-92
100 Данные общей обработки __
a Данные общей обработки 19151118d2012||||||| 0rusy0189 ca
101 Язык документа 0_
a Язык текста rus
102 Страна публикации __
a Страна публикации RU|
105 Кодированные данные (монография) __
a Кодированные данные (монография) a|||||||001zy
200 Заглавие и сведения об ответственности 1_
a Заглавие Талисманы и амулеты
e Сведения, относящиеся к заглавию [школьный путеводитель : для среднего и старшего школьного возраста]
f Первые сведения об ответственности [Афонькин Сергей Юрьевич ; иллюстрации С. В. Смирновой]
b Общее обозначение материала Текст
210 Выходные данные __
a Место издания Санкт-Петербург
c Издательство Балтийская книжная компания
d Дата издания 2012
215 Физическое описание __
a Объем 92, [3] с.
c Иллюстрации/тип воспроизводства цв. ил.
d Формат 22 см
225 Серия __
a Серия Узнай мир
i Наименование части История
300 Общие примечания __
a Общие примечания 10000 экз.
300 Общие примечания __
a Общие примечания Авт. указ. в вып. дан.
300 Общие примечания __
a Общие примечания Титульный лист отсутствует. Описано по обложке
300 Общие примечания __
a Общие примечания Сведения об изд. указ. в вып. дан.
300 Общие примечания __
a Общие примечания Указатель: с. 94
330 Аннотация __
a Аннотация Многие слова и образы имеют как бы два значения. Первое - самое очевидное. Говорим "медведь" и подразумеваем лесного косолапого жителя. Второе значение - иносказательное, знаковое. Медведь - символ силы и могущества, лесной великан. Не зря на гербах многих городов изображен именно медведь, а не, к примеру, барсук. Мы живем в мире знаков и символов. Каждый имеет свое значение и про каждый можно рассказать свою историю. Некоторые символы по-разному воспринимаются разными народами. Сложными знаками, символами, буквально пропитана наша культура. Восприятие символов зависит от нашей образованности. Знание символики обогащает наше восприятие мира, делает его более объемным и красочным.
606 Тематические рубрики __
a Основная рубрика Религия. Мистика. Свободомыслие
606 Тематические рубрики __
a Основная рубрика Магия, мантика
610 Ключевые слова __
a Ключевые слова амулеты
a Ключевые слова астрологические календари
a Ключевые слова восточный гороскоп
a Ключевые слова детская литература
a Ключевые слова знаки зодиака
a Ключевые слова познавательная литература
a Ключевые слова символика
a Ключевые слова талисманы
a Ключевые слова числа-талисманы
686 Индексы других классификаций __
2 Код системы rubbks
a Классификационный индекс ст86.41я2
700 Автор _1
a Фамилия Афонькин
b Имя С. Ю.
f Даты 1957-
g Полное личное имя Сергей Юрьевич
4 Код отношения 070
702 Вторичная интеллектуальная ответственность _1
a Фамилия Смирнова
b Имя С. В.
4 Код отношения Иллюстратор
g Полное личное имя Светлана Владимировна
4 Код отношения 440
801 Источник записи _0
a Страна RU
b Организация Муниципальное бюджетное учреждение культуры "Централизованная библиотечная система" г. Сургут (Центральная городская библиотека им. А. С. Пушкина)
c Дата составления 20151118
g Правила каталогизации КиК/Коробейникова; КиК/Апакова
801 Источник записи _1
a Страна RU
b Организация Муниципальное бюджетное учреждение культуры "Централизованная библиотечная система" г. Сургут (Центральная городская библиотека им. А. С. Пушкина)
c Дата составления 20151118
g Правила каталогизации КиК/Коробейникова; КиК/Апакова
852 Данные о местонахождении __
j Шифр хранения ст86.41я2
i Авторский знак А 94
901 Тип документа __
t Тип документа m
903 Характеристики (МАРС) __
a Дата передачи 20151117; 20140530
969 Тип издания __
a Тип издания издание для детей; путеводитель
990 Данные о заказе (DOS) __
j Количество экземпляров (DOS) 1; 13
t N записи в КСУ для И/У (DOS) 201511; 201406